| 000 | 00748nam a22002177a 4500 | ||
|---|---|---|---|
| 005 | 20110905104240.0 | ||
| 010 | _aG-001395 | ||
| 020 |
_a9788183390033 _c1495.00 |
||
| 035 | _a G-001395 | ||
| 037 | _bGift | ||
| 082 | _a954.11 | ||
| 100 |
_aParmu, R.K. _934284 |
||
| 245 |
_aA history of muslim rule n Kashmir: _cby R.K. Parmu _b1320-1819 / |
||
| 260 |
_aSrinag ar _bGulshan Books _c2009 |
||
| 270 |
_aResidency Road, _bSrinagar _e190001 |
||
| 300 |
_axiv, 544p. _c25cm (Hb) |
||
| 500 | _aIncludes index | ||
| 942 |
_2ddc _cEN _h954.11 _mPAR |
||
| 999 |
_c56260 _d56260 |
||